000 00317nam a22001337a 4500
008 170623b xxu||||| |||| 00| 0 eng d
020 _a0674625315
041 _aeng
080 _a32
100 _a21
101 _aSHP
245 _aPOLITICLA PARTICIPATION IN DEVELOPING COUNTRIES
_cNELSON.J.
942 _2udc
_cBK
999 _c19075
_d19075